<?xml version="1.0" encoding="UTF-8"?>
<record
    xmlns:xsi="http://www.w3.org/2001/XMLSchema-instance"
    xsi:schemaLocation="http://www.loc.gov/MARC21/slim http://www.loc.gov/standards/marcxml/schema/MARC21slim.xsd"
    xmlns="http://www.loc.gov/MARC21/slim">

  <leader>00956nam a22002417a 4500</leader>
  <controlfield tag="001">45040</controlfield>
  <controlfield tag="003">BD-RjUL</controlfield>
  <controlfield tag="005">20211209053944.0</controlfield>
  <controlfield tag="008">160721s1956    bg ||||| |||| 00| 0 ben d</controlfield>
  <datafield tag="035" ind1=" " ind2=" ">
    <subfield code="a">(BD-RjUL)45158</subfield>
  </datafield>
  <datafield tag="040" ind1=" " ind2=" ">
    <subfield code="a">BD-RjUL</subfield>
    <subfield code="b">ben </subfield>
    <subfield code="c">BD-RjUL</subfield>
  </datafield>
  <datafield tag="041" ind1=" " ind2=" ">
    <subfield code="a">ben </subfield>
  </datafield>
  <datafield tag="082" ind1=" " ind2=" ">
    <subfield code="2">23 </subfield>
    <subfield code="a">016.891441 </subfield>
    <subfield code="b">BAN 1956 </subfield>
  </datafield>
  <datafield tag="245" ind1="0" ind2="0">
    <subfield code="a">&#x9AC;&#x9BE;&#x982;&#x9B2;&#x9BE; &#x9AA;&#x9C1;&#x9A5;&#x9BF;&#x9B0; &#x9A4;&#x9BE;&#x9B2;&#x9BF;&#x995;&#x9BE;  /</subfield>
  </datafield>
  <datafield tag="260" ind1=" " ind2=" ">
    <subfield code="a">&#x9B0;&#x9BE;&#x99C;&#x9B6;&#x9BE;&#x9B9;&#x9C0; :</subfield>
    <subfield code="b">&#x9AE;&#x9C0;&#x9B0;&#x99C;&#x9BE;&#x9B9;&#x9BE;&#x9A8;, </subfield>
    <subfield code="c">&#x9E7;&#x9EF;&#x9EB;&#x9EC; </subfield>
  </datafield>
  <datafield tag="300" ind1=" " ind2=" ">
    <subfield code="a">&#x9EE;&#x9E6; &#x9AA;&#x9C3;. ; </subfield>
    <subfield code="c">&#x9E8;&#x9E9; &#x9B8;&#x9C7;&#x9AE;&#x9BF;. </subfield>
  </datafield>
  <datafield tag="490" ind1=" " ind2=" ">
    <subfield code="a">&#x9AC;&#x9B0;&#x9C7;&#x9A8;&#x9CD;&#x9A6;&#x9CD;&#x9B0; &#x9B0;&#x9BF;&#x9B8;&#x9BE;&#x9B0;&#x9CD;&#x99A; &#x9AE;&#x9BF;&#x989;&#x99C;&#x9BF;&#x9AF;&#x9BC;&#x9BE;&#x9AE; </subfield>
  </datafield>
  <datafield tag="650" ind1=" " ind2=" ">
    <subfield code="a">&#x997;&#x9CD;&#x9B0;&#x9A8;&#x9CD;&#x9A5;&#x9AA;&#x99E;&#x9CD;&#x99C;&#x9BF; </subfield>
    <subfield code="x">&#x9AC;&#x9BE;&#x982;&#x9B2;&#x9BE; &#x995;&#x9AC;&#x9BF;&#x9A4;&#x9BE; </subfield>
    <subfield code="9">137989</subfield>
  </datafield>
  <datafield tag="650" ind1=" " ind2=" ">
    <subfield code="a">Bibliography </subfield>
    <subfield code="x">Begali Poetry </subfield>
    <subfield code="9">137990</subfield>
  </datafield>
  <datafield tag="700" ind1=" " ind2=" ">
    <subfield code="a">&#x99A;&#x9CC;&#x9A7;&#x9C1;&#x9B0;&#x9C0;, &#x9AE;&#x9CB;&#x9B9;&#x9A8;, &#x9B8;&#x9AE;&#x9CD;&#x9AA;&#x9BE;&#x9A6;&#x995; </subfield>
    <subfield code="9">137991</subfield>
  </datafield>
  <datafield tag="856" ind1=" " ind2=" ">
    <subfield code="3">&#x9AC;&#x9B0;&#x9C7;&#x9A8;&#x9CD;&#x9A6;&#x9CD;&#x9B0; &#x9B0;&#x9BF;&#x9B8;&#x9BE;&#x9B0;&#x9CD;&#x99A; &#x9AE;&#x9BF;&#x989;&#x99C;&#x9BF;&#x9AF;&#x9BC;&#x9BE;&#x9AE; </subfield>
  </datafield>
  <datafield tag="942" ind1=" " ind2=" ">
    <subfield code="2">ddc</subfield>
    <subfield code="c">BK</subfield>
  </datafield>
  <datafield tag="999" ind1=" " ind2=" ">
    <subfield code="c">45040</subfield>
    <subfield code="d">45040</subfield>
  </datafield>
  <datafield tag="952" ind1=" " ind2=" ">
    <subfield code="0">0</subfield>
    <subfield code="1">0</subfield>
    <subfield code="2">ddc</subfield>
    <subfield code="4">0</subfield>
    <subfield code="7">0</subfield>
    <subfield code="8">NFIC</subfield>
    <subfield code="a">RUCL</subfield>
    <subfield code="b">RUCL</subfield>
    <subfield code="c">Stack</subfield>
    <subfield code="d">1957-03-10</subfield>
    <subfield code="e">B.R. Musoull </subfield>
    <subfield code="g">2.00</subfield>
    <subfield code="l">0</subfield>
    <subfield code="o">BR 016.891441  BAN 1956</subfield>
    <subfield code="r">2016-07-21 00:00:00</subfield>
    <subfield code="t">C-2</subfield>
    <subfield code="w">2016-07-21</subfield>
    <subfield code="y">BK</subfield>
  </datafield>
  <datafield tag="952" ind1=" " ind2=" ">
    <subfield code="0">0</subfield>
    <subfield code="1">0</subfield>
    <subfield code="2">ddc</subfield>
    <subfield code="4">0</subfield>
    <subfield code="7">0</subfield>
    <subfield code="8">NFIC</subfield>
    <subfield code="a">RUCL</subfield>
    <subfield code="b">RUCL</subfield>
    <subfield code="c">Stack</subfield>
    <subfield code="d">1957-03-10</subfield>
    <subfield code="e">B.R. Musoull </subfield>
    <subfield code="g">2.00</subfield>
    <subfield code="l">0</subfield>
    <subfield code="o">BR 016.891441  BAN 1956</subfield>
    <subfield code="r">2016-07-21 00:00:00</subfield>
    <subfield code="t">C-3</subfield>
    <subfield code="w">2016-07-21</subfield>
    <subfield code="y">BK</subfield>
  </datafield>
</record>
